| 000 | 00866nam a22002177a 4500 | ||
|---|---|---|---|
| 008 | 100603s2003 enk|||||r|||| 001 0 eng d | ||
| 020 | _a0521825571 | ||
| 020 | _a0521532647 | ||
| 082 |
_222 _a320.96 _bBOO |
||
| 100 |
_914553 _aBoone, Catherine |
||
| 245 |
_aPolitical Topographies of the African State : _bTerritorial Authority and Institutional Choice / _cCatherine Boone |
||
| 260 |
_aCambridge : _b Cambridge University Press, 2003. _c2003 |
||
| 300 |
_axiii, 405 p. : _b ill. ; _c 24 cm. |
||
| 490 |
_aCambridge Studies in Comparative Politics _914555 |
||
| 504 | _aIncludes bibliographical references (p.359-392) and index | ||
| 650 |
_914550 _aSociology, Rural _zAfrica |
||
| 650 |
_914552 _aCentral-local government relations _zAfrica |
||
| 650 |
_914551 _aTribal government _zAfrica |
||
| 651 |
_914397 _aAfrica _xPolitics and government |
||
| 942 |
_2ddc _cBB |
||
| 999 |
_c14053 _d14053 |
||